Edward Said (Record no. 13302)

MARC details
000 -LEADER
fixed length control field 00351nam a22001577a 4500
003 - CONTROL NUMBER IDENTIFIER
control field OSt
008 - FIXED-LENGTH DATA ELEMENTS--GENERAL INFORMATION
fixed length control field 250416b |||||||| |||| 00| 0 eng d
020 ## - INTERNATIONAL STANDARD BOOK NUMBER
International Standard Book Number 9789354425936
082 ## - DEWEY DECIMAL CLASSIFICATION NUMBER
Classification number 920.1 CHE
100 ## - MAIN ENTRY--PERSONAL NAME
Personal name CHAKRABARTY,Jaydeep
245 ## - TITLE STATEMENT
Title Edward Said
260 ## - PUBLICATION, DISTRIBUTION, ETC. (IMPRINT)
Place of publication, distribution, etc New Delhi
Name of publisher, distributor, etc Orient
Date of publication, distribution, etc 2023
300 ## - PHYSICAL DESCRIPTION
Extent 195
650 ## - SUBJECT ADDED ENTRY--TOPICAL TERM
Topical term or geographic name as entry element gen
942 ## - ADDED ENTRY ELEMENTS (KOHA)
Source of classification or shelving scheme Dewey Decimal Classification
Koha item type Text Books
650 ## - SUBJECT ADDED ENTRY--TOPICAL TERM
-- 2
Holdings
Withdrawn status Lost status Source of classification or shelving scheme Damaged status Not for loan Collection code Home library Current library Date acquired Source of acquisition Currency Cost, normal purchase price Bill Number Total Checkouts Full call number Acc. no. / Barcode Date last seen Actual Cost, discounted price Bill Date Koha item type
    Dewey Decimal Classification     GENERAL PIET C-LIBRARY PIET C-LIBRARY 04/04/2025 Zaffa Books INR 395.00 ZBD0014   920.1 CHE 39149 16/04/2025 276.50 25/03/2025 Text Books
    Dewey Decimal Classification     GENERAL PIET C-LIBRARY PIET C-LIBRARY 04/04/2025 Zaffa Books INR 395.00 ZBD0014   920.1 CHE 39150 16/04/2025 276.50 25/03/2025 Text Books

Design & Developed by: PIET Central Library
R70 Miles Stone Pattikalyana Samalkha Panipat 132102
mail ID :- [email protected], Phone No:- 0180-2569700 Ex.216